01579nam a2200409 i 450000100060000000300080000600500170001400600190003100700150005000800410006502000270010602000180013303500230015103500240017403500250019803500210022304000310024405000250027508000080030008200180030824502080032626400390053430000410057333600310061433700330064533800430067850000220072150400280074358801290077165000330090065000390093365500270097270000370099970000410103670000300107785600620110767547FlNmELB20241217142822.0m o d | cr cnu||||||||140910s2014 sp ob 001 0 spa d a9788490641538 (e-book) z9788490640722 a(MiAaPQ)EBC3222852 a(Au-PeEL)EBL3222852 a(CaPaEBR)ebr10903504 a(OCoLC)991947634 aFINmELBbspaerdacFINmELB 4aRC280.P7b.G932 2014 a6160 a616.9946322300aGuías de consenso para el manejo del cáncer de próstata resistente a castración en Catalunya /cCoordinadores: Begoña Mellado, María José Ribal ; Autores: Dr. Antonio Alcaraz [y otros 20]. 1aBarcelona :bEditorial UOC,c2014. a1 recurso en línea (118 páginas) atextobtxt2rdacontent/spa acomputadorabc2rdamedia/spa arecurso en líneabcr2rdacarrier/spa aIncluye índice. aIncluye bibliografía. aDescripción basada en recurso en línea; Título de la página del título en PDF (e-libro, visto September 10, 2014). 0aProstatexCancerxTreatment. 4aPróstataxCáncerxTratamiento. 4aLibros electrónicos.1 aMellado, Begoña,ecoordinador.1 aRibal, María José,ecoordinador.1 aAlcaraz, Antonio,eautor.40uhttps://elibro.net/ereader/politecnicointernacional/57647